00890nam a2200253Ia 4500001000600000003000500006008004100011010001100052020001900063040000900082082001800091245016000109260005000269300001100319440004900330503002600379504002700405650004200432650005100474650003800525700002300563700002600586700002400612Z_218CHAP220113s9999 xx 000 0 und d a163191 a0-408-11151-18 cCHAP a636.20852 P76 aProtein contribution of feedstuffs for ruminants: application to feed formulation /ceditor E. L. Miller y I. H. Pike; en asociación con A. J. H. Vanes aInglaterra :bButterworths Scientific,c  a160 p. aStudies in the agricultural and food science aej.1: \ ej.2: 162796 aIncluye bibliografía aAlimentos y alimentación del ganado aGanado vacuno xx Alimentación y alimentos  aProteínas en nutrición animal a Pike, I. H., ed.  a Vanes, A. J. H., ed. aMiller, E. I., ed.